Nombra los libros bíblicos del Antiguo Testamento - Bible Quiz - Estadísticas

Estadísticas generales
  • Esta prueba ha sido intentada 76 veces
  • La puntuación promedio es 19 de 39
Estadísticas de respuestas
Respuesta % Correcto
Génesis
98%
Éxodo
89%
Levítico
80%
Deuteronomio
78%
Números
76%
Rut
67%
Salmos
63%
Jueces
59%
Job
57%
Josué
57%
1 Reyes
54%
Proverbios
54%
Ester
52%
Isaías
52%
1 Crónicas
50%
2 Reyes
50%
Daniel
50%
Jeremías
50%
1 Samuel
48%
2 Crónicas
48%
2 Samuel
48%
Nehemías
43%
Cantares
41%
Esdras
41%
Ezequiel
41%
Jonás
41%
Eclesiastés
39%
Oseas
39%
Lamentaciones
37%
Miqueas
37%
Amós
35%
Joel
35%
Malaquías
35%
Abdías
30%
Habacuc
30%
Nahúm
30%
Zacarías
30%
Sofonías
26%
Hageo
22%
No se encontraron pruebas coincidentes
Distribución de puntuación
Porcentaje de gente con cada puntuación
Porcentaje por número respondido
Historial de tus puntuaciones
No has intentado esta prueba.